| Tag |
First Indicator |
Second Indicator |
Subfields |
| LEADER |
00000cam a2200000 a 4500 |
| 001 |
in00000033167 |
| 005 |
20151007055137.0 |
| 008 |
870814s1988 nyua b 00110 eng d |
| 010 |
|
|
|a 87007274
|
| 020 |
|
|
|a 0080343260
|
| 020 |
|
|
|a 0080343252 (pbk.)
|
| 035 |
|
|
|a (OCoLC)16578328
|
| 035 |
|
|
|9 AAB7384AM
|
| 040 |
|
|
|a DNLM/DLC
|c DLC
|d TXA
|d UtOrBLW
|
| 049 |
|
|
|a TXAM
|c [A11531647]
|
| 050 |
0 |
0 |
|a LB1060.2
|b .H84 1988
|
| 060 |
|
0 |
|a WS 350.6 H893c
|
| 082 |
0 |
|
|a 372.11/024
|2 19
|
| 100 |
1 |
|
|a Hughes, Jan N.,
|d 1949-
|
| 245 |
1 |
0 |
|a Cognitive behavior therapy with children in schools /
|c Jan N. Hughes.
|
| 250 |
|
|
|a 1st ed.
|
| 264 |
|
1 |
|a New York :
|b Pergamon Press,
|c 1988.
|
| 300 |
|
|
|a xii, 267 pages :
|b illustrations
|
| 336 |
|
|
|a text
|b txt
|2 rdacontent
|
| 337 |
|
|
|a unmediated
|b n
|2 rdamedia
|
| 338 |
|
|
|a volume
|b nc
|2 rdacarrier
|
| 490 |
1 |
|
|a Pergamon general psychology series
|
| 504 |
|
|
|a Bibliography: pages 216-245.
|
| 500 |
|
|
|a Includes indexes.
|
| 650 |
|
0 |
|a Behavior modification.
|
| 650 |
|
0 |
|a Behavior therapy for children.
|
| 650 |
|
0 |
|a School psychology.
|
| 830 |
|
0 |
|a Pergamon general psychology series.
|
| 999 |
|
|
|a MARS
|
| 999 |
f |
f |
|s bee4a182-69da-3932-8f53-21b86017bf2d
|i 23efdb51-173f-3d22-af20-643d88506449
|t 0
|
| 952 |
f |
f |
|p normal
|a Texas A&M University
|b College Station
|c Sterling C. Evans Library
|d Evans: Library Stacks
|t 0
|e LB1060.2 .H84 1988
|h Library of Congress classification
|i unmediated -- volume
|m A14811531647
|
| 998 |
f |
f |
|a LB1060.2 .H84 1988
|t 0
|l Evans: Library Stacks
|